banner-ar

الاتجاهات الحديثة فى المكتبات والمعلومات : (Record no. 62302)

MARC details
000 -الفاتح
حقل البيانات ثابتة الطول 01504nam a22002777a 4500
005 - وقت وتاريخ اخر تعامل مع التسجيلة
رقم الضبط 20240530110543.0
008 - عناصر البيانات ثابتة الطول - معلومات عامة
حقل البيانات ثابتة الطول 141207s2008 ua a g 001 0 ara d
017 ## - رقم الايداع القانونى
رقم الايداع القانونى 6534
المصدر ( الهيئة المختصة) مصر . دار الكتب المصرية
040 ## - مصدر الفهرسة
وكالة الفهرسة الأصلية EG-CaGPL
082 04 - رقم تصنيف ديوى العشرى
رقم التصنيف 020\
رقم المادة م ا
رقم الطبعة 21
245 02 - بيان العنوان
العنوان الاتجاهات الحديثة فى المكتبات والمعلومات :
بقية العنوان كتاب دورى يصدر مؤقتا مرتين فى السنة.
رقم الجزء/قسم العمل المجلد الخامس عشر، العدد التاسع والعشرون (2008) /
بيان المسئوليه,etc رئيس التحرير محمد فتحى عبدالهادى ؛ نائب رئيس التحرير اسامة السيد محمود ؛ سكرتير التحرير محمد عبدالمولى محمود.
260 ## - PUBLICATION, DISTRIBUTION, ETC. (IMPRINT)
تاريخ النشر أو التوزيع 2008.
300 ## - الوصف المادى
التعداد 370 ص. :
تفاصيل ماديه اخرى للوعاء ايض ؛
أبعاد الوعاء 26 سم
500 ## - تبصرة عامة
تبصرة عامة يشتمل على كشافات.
650 04 - المدخل الاضافى بالموضوع-مصطلح موضوعى
مصطلح موضوعي المكتبات
التقسيم الفرعي العام علم
650 04 - المدخل الاضافى بالموضوع-مصطلح موضوعى
مصطلح موضوعي الخدمة المكتبية
650 04 - المدخل الاضافى بالموضوع-مصطلح موضوعى
مصطلح موضوعي شبكات المكتبات والمعلومات
650 04 - المدخل الاضافى بالموضوع-مصطلح موضوعى
مصطلح موضوعي المكتبات
التقسيم الفرعي العام برامج الحاسبات
650 04 - المدخل الاضافى بالموضوع-مصطلح موضوعى
مصطلح موضوعي المعلومات
التقسيم الفرعي العام علم
650 04 - المدخل الاضافى بالموضوع-مصطلح موضوعى
مصطلح موضوعي المكتبات
التقسيم الفرعي العام فهارس
650 04 - المدخل الاضافى بالموضوع-مصطلح موضوعى
مصطلح موضوعي نظم المعلومات
700 0# - المدخل الاضافى - اسم شخصى
الإسم الشخصى محمد فتحى عبدالهادى،
الدور رئيس التحرير.
700 0# - المدخل الاضافى - اسم شخصى
الإسم الشخصى اسامة السيد محمود،
الدور نائب رئيس التحرير.
700 0# - المدخل الاضافى - اسم شخصى
الإسم الشخصى محمد عبد المولى محمود،
الدور سكرتير التحرير.
942 ## - عناصر المدخل الإضافي( كوها)
مصدر التصنيف او مخطط الترفيف Dewey Decimal Classification
Koha [default] item type كتاب
260 ## - PUBLICATION, DISTRIBUTION, ETC. (IMPRINT)
-- القاهرة :
-- المكتبة الاكاديمية،
Holdings
حالة التراجع حالة الفقد حالة تلف ليس للاعارة المكان المؤقت الموقع الحالى تاريخ الاكتساب اجمالي اﻻعارات رقم الطلب الباركود تاريخ اخر مشاهدة تاريخ تفعيل السعر نوع وعاء كوها
        مكتبة القاهرة الكبرى مكتبة القاهرة الكبرى 05/19/2016   020\ م ا 161986 05/19/2016 05/19/2016 كتاب

Powered By

EGPV